000 00327nam a22001097a 4500
005 20250901165606.0
008 240115b |||||||| |||| 00| 0 eng d
050 _aPS3551 .N454 .F47 2009
245 _aFLOWERS IN THE ATTIC
_cAndrews, V.C
260 _aNew York
_bPockets
942 _2lcc
_hPS3551 .N454 .F47 2009
999 _c6366
_d6366